[Event "CZE-chT2C 1718"]
[Site "Czech Republic"]
[Date "2018.03.18"]
[Round "10.2"]
[White "Danes, Jaroslav"]
[Black "Moravec, Michal"]
[Result "1/2-1/2"]
[WhiteElo "2247"]
[BlackElo "2214"]
[PlyCount "32"]
[EventDate "2017.10.15"]
[EventType "team-tourn"]
[EventRounds "11"]
[EventCountry "CZE"]
[SourceTitle "EXT 2022"]
[Source "ChessBase"]
[SourceDate "2021.10.06"]
[SourceVersion "1"]
[SourceVersionDate "2021.10.06"]
[SourceQuality "1"]
[WhiteTeam "Kutna Hora"]
[BlackTeam "Kolin"]
[WhiteTeamCountry "CZE"]
[BlackTeamCountry "CZE"]

1. e4 e5 2. Nc3 Nc6 3. Bb5 g6 4. d3 Bg7 5. h4 h5 6. Bg5 f6 7. Be3 Nh6 8. f3 Nd4 9. Bc4 c5 10. Qd2 d6 11. Nh3 Bd7 12. a3 Bc6 13. Nd5 Nf7 14. c3 Ne6 15. b4 f5 16. Bf2 Qd7 1/2-1/2

[Event "CZE-chT2C 1516"]
[Site "Czech Republic"]
[Date "2016.01.24"]
[Round "6.2"]
[White "Ilandzis, Spyridon"]
[Black "Moravec, Michal"]
[Result "1/2-1/2"]
[WhiteElo "2217"]
[BlackElo "2248"]
[PlyCount "66"]
[EventDate "2015.10.18"]
[EventType "team-tourn"]
[EventRounds "11"]
[EventCountry "CZE"]
[SourceTitle "EXT 2022"]
[Source "ChessBase"]
[SourceDate "2021.10.06"]
[SourceVersion "1"]
[SourceVersionDate "2021.10.06"]
[SourceQuality "1"]
[WhiteTeam "Tabor"]
[BlackTeam "Kolin"]
[WhiteTeamCountry "CZE"]
[BlackTeamCountry "CZE"]

1. b3 Nf6 2. Bb2 c5 3. e3 Nc6 4. f4 d6 5. Nf3 g6 6. Be2 Bg7 7. 0-0 0-0 8. Qe1 e5 9. fxe5 Ng4 10. Nc3 Ngxe5 11. Nxe5 dxe5 12. Bf3 Nb4 13. Rc1 e4 14. Bxe4 Nxa2 15. Nxa2 Bxb2 16. Rd1 Be6 17. d3 Be5 18. Bxb7 Bxh2+ 19. Kxh2 Qc7+ 20. Kg1 Qxb7 21. Nc3 f5 22. Na4 Rac8 23. Qc3 Bd5 24. e4 fxe4 25. Nxc5 Rxf1+ 26. Rxf1 exd3 27. Rf8+ Kxf8 28. Qh8+ Bg8 29. Nxb7 dxc2 30. Qf6+ Bf7 31. Qh8+ Bg8 32. Qf6+ Bf7 33. Qh8+ Bg8 1/2-1/2

[Event "CZE-chT2C 1516"]
[Site "Czech Republic"]
[Date "2015.12.06"]
[Round "4.2"]
[White "Tuma, Jan"]
[Black "Moravec, Michal"]
[Result "1/2-1/2"]
[WhiteElo "2053"]
[BlackElo "2248"]
[PlyCount "36"]
[EventDate "2015.10.18"]
[EventType "team-tourn"]
[EventRounds "11"]
[EventCountry "CZE"]
[SourceTitle "EXT 2022"]
[Source "ChessBase"]
[SourceDate "2021.10.06"]
[SourceVersion "1"]
[SourceVersionDate "2021.10.06"]
[SourceQuality "1"]
[WhiteTeam "Kutna Hora"]
[BlackTeam "Kolin"]
[WhiteTeamCountry "CZE"]
[BlackTeamCountry "CZE"]

1. e4 c6 2. d4 d5 3. e5 Bf5 4. Nf3 e6 5. Be2 c5 6. Be3 Nc6 7. 0-0 Nge7 8. c4 cxd4 9. Nxd4 Nxd4 10. Bxd4 Nc6 11. Qa4 Be7 12. cxd5 Qxd5 13. Bf3 Qd7 14. Rd1 Bc2 15. Qxc2 Nxd4 16. Qe4 Rd8 17. Nc3 b6 18. Kh1 f5 1/2-1/2

[Event "CZE-chT2C 1516"]
[Site "Czech Republic"]
[Date "2015.11.08"]
[Round "2.2"]
[White "Zvara, Petr"]
[Black "Moravec, Michal"]
[Result "1-0"]
[WhiteElo "2379"]
[BlackElo "2248"]
[PlyCount "59"]
[EventDate "2015.10.18"]
[EventType "team-tourn"]
[EventRounds "11"]
[EventCountry "CZE"]
[SourceTitle "EXT 2022"]
[Source "ChessBase"]
[SourceDate "2021.10.06"]
[SourceVersion "1"]
[SourceVersionDate "2021.10.06"]
[SourceQuality "1"]
[WhiteTeam "Praha Bohemians"]
[BlackTeam "Kolin"]
[WhiteTeamCountry "CZE"]
[BlackTeamCountry "CZE"]

1. e4 d6 2. Bc4 Nf6 3. d3 e5 4. Nc3 Be7 5. f4 Bg4 6. Nf3 Nc6 7. h3 Bxf3 8. Qxf3 Nd4 9. Qf2 0-0 10. 0-0 c6 11. a4 Ne6 12. fxe5 dxe5 13. Ne2 Bc5 14. Be3 Bxe3 15. Qxe3 Nh5 16. g3 g6 17. Bxe6 fxe6 18. Rxf8+ Qxf8 19. Kg2 Qb4 20. b3 Rf8 21. Rf1 Rxf1 22. Kxf1 b6 23. Qg5 Qf8+ 24. Kg2 Qf6 25. Qe3 c5 26. Ng1 Kf7 27. Nf3 Ke7 28. Qh6 Qh8 29. Qg5+ Kd6 30. Nd2 1-0

[Event "CZE-chT2C 1415"]
[Site "Czech Republic"]
[Date "2015.02.22"]
[Round "8.1"]
[White "Moravec, Michal"]
[Black "Cvek, Robert"]
[Result "0-1"]
[WhiteElo "2266"]
[BlackElo "2520"]
[PlyCount "124"]
[EventDate "2014.11.02"]
[EventType "team-tourn"]
[EventRounds "11"]
[EventCountry "CZE"]
[SourceTitle "EXT 2022"]
[Source "ChessBase"]
[SourceDate "2021.10.06"]
[SourceVersion "1"]
[SourceVersionDate "2021.10.06"]
[SourceQuality "1"]
[WhiteTeam "Kolin"]
[BlackTeam "Praha Grop"]
[WhiteTeamCountry "CZE"]
[BlackTeamCountry "CZE"]

1. d4 Nf6 2. c4 e6 3. Nf3 Bb4+ 4. Bd2 a5 5. Nc3 b6 6. e3 Bb7 7. Bd3 0-0 8. 0-0 d6 9. a3 Bxc3 10. Bxc3 Ne4 11. Bxe4 Bxe4 12. Nd2 Bb7 13. f4 d5 14. Qh5 f5 15. Nf3 Nd7 16. c5 Ba6 17. Rfe1 Nf6 18. Qh3 Bd3 19. Ne5 Be4 20. Rec1 Nd7 21. cxb6 cxb6 22. Be1 Nxe5 23. fxe5 Rc8 24. Qh5 Qd7 25. Qe2 Qa4 26. Rc3 Rxc3 27. Bxc3 Qc4 28. Qd2 h6 29. Rc1 Rc8 30. Rf1 Qb3 31. Qd1 Rxc3 32. bxc3 Qb2 33. Rf2 Qxc3 34. a4 Qxe3 35. Qd2 Qb3 36. Qb2 Qxa4 37. Qxb6 Kh7 38. h4 Qd1+ 39. Kh2 Qe1 40. Qb2 a4 41. Qe2 Qa1 42. Qb2 Qd1 43. Qb4 Qg4 44. Qxa4 Qxh4+ 45. Kg1 Qg4 46. Kf1 Bd3+ 47. Kg1 Qe4 48. Qb4 Qe3 49. Qc3 f4 50. Qd2 Qxd4 51. Qxf4 Be4 52. Kh2 Qd1 53. Rf1 Qh5+ 54. Kg1 Qg6 55. Rf2 Bf5 56. Rb2 Qf7 57. Qd4 Qc7 58. Kh2 Qc1 59. Rf2 Be4 60. Qd2 Qc5 61. Qf4 Bf5 62. g4 Bxg4 0-1

[Event "CZE-chT2C 1415"]
[Site "Czech Republic"]
[Date "2015.01.25"]
[Round "6.2"]
[White "Moravec, Vit"]
[Black "Moravec, Michal"]
[Result "1/2-1/2"]
[WhiteElo "2184"]
[BlackElo "2266"]
[PlyCount "150"]
[EventDate "2014.11.02"]
[EventType "team-tourn"]
[EventRounds "11"]
[EventCountry "CZE"]
[SourceTitle "EXT 2022"]
[Source "ChessBase"]
[SourceDate "2021.10.06"]
[SourceVersion "1"]
[SourceVersionDate "2021.10.06"]
[SourceQuality "1"]
[WhiteTeam "Kutna Hora"]
[BlackTeam "Kolin"]
[WhiteTeamCountry "CZE"]
[BlackTeamCountry "CZE"]

1. e4 c5 2. Nf3 e6 3. d4 cxd4 4. Nxd4 a6 5. Nc3 Qc7 6. Bd3 Nf6 7. 0-0 Nc6 8. Nb3 Ne5 9. f4 Nxd3 10. cxd3 h5 11. Be3 d6 12. Bd4 e5 13. fxe5 dxe5 14. Rxf6 exd4 15. Nd5 Qe5 16. Na5 gxf6 17. Nc4 Qg5 18. Nc7+ Kd8 19. Nxa8 Rg8 20. Qf3 Bd7 21. Nab6 Bc6 22. h4 Qg3 23. Qxf6+ Be7 24. Qxd4+ Kc7 25. Ne3 Bxh4 26. Nbc4 Bg5 27. Rf1 Bf4 28. e5 Qxg2+ 29. Nxg2 Rxg2+ 30. Kh1 Rg4+ 31. Qe4 Bxe4+ 32. dxe4 b5 33. Na5 Kd7 34. Rd1+ Ke6 35. Nb7 Bxe5 36. Nc5+ Ke7 37. Rd7+ Ke8 38. Rd5 f6 39. b4 h4 40. Rd3 Kf7 41. Re3 Bd4 42. Ra3 Rg1+ 43. Kh2 Rb1 44. Nxa6 Kg6 45. Rb3 Rc1 46. Nc5 Bxc5 47. bxc5 Rxc5 48. Rb4 Kg5 49. a4 Rc2+ 50. Kh3 Rc3+ 51. Kh2 bxa4 52. Rxa4 h3 53. Ra8 Re3 54. Rf8 Rxe4 55. Kxh3 Re3+ 56. Kg2 f5 57. Kf2 Rb3 58. Ra8 Kg4 59. Rg8+ Kf4 60. Ra8 Rb2+ 61. Kf1 Kg4 62. Ra3 f4 63. Rc3 Ra2 64. Rb3 Rh2 65. Ra3 Rh3 66. Rxh3 Kxh3 67. Kf2 Kg4 68. Kg2 Kf5 69. Kf3 Ke5 70. Kf2 Ke4 71. Ke2 f3+ 72. Kf2 Kf4 73. Kf1 Ke3 74. Ke1 f2+ 75. Kf1 Kf3 1/2-1/2

[Event "CZE-chT2C 1415"]
[Site "Czech Republic"]
[Date "2015.01.11"]
[Round "5.2"]
[White "Moravec, Michal"]
[Black "Cuhra, Martin"]
[Result "1-0"]
[WhiteElo "2266"]
[BlackElo "2247"]
[PlyCount "51"]
[EventDate "2014.11.02"]
[EventType "team-tourn"]
[EventRounds "11"]
[EventCountry "CZE"]
[SourceTitle "EXT 2022"]
[Source "ChessBase"]
[SourceDate "2021.10.06"]
[SourceVersion "1"]
[SourceVersionDate "2021.10.06"]
[SourceQuality "1"]
[WhiteTeam "Kolin"]
[BlackTeam "Praha Oaza"]
[WhiteTeamCountry "CZE"]
[BlackTeamCountry "CZE"]

1. d4 Nf6 2. Nf3 c5 3. d5 b5 4. c4 bxc4 5. Nc3 d6 6. e4 g6 7. e5 dxe5 8. Nxe5 Bg7 9. Bxc4 0-0 10. 0-0 Bb7 11. Re1 Nfd7 12. Nxf7 Rxf7 13. d6 Ne5 14. Bxf7+ Nxf7 15. Qb3 Bc6 16. Bg5 Bxc3 17. Rxe7 Qf8 18. bxc3 Kg7 19. Rae1 Nd7 20. Rxf7+ Qxf7 21. Re7 Rf8 22. Qe6 Kg8 23. Rxf7 Rxf7 24. Bh6 Nf6 25. Qc8+ Be8 26. Bg5 1-0

[Event "CZE-chT2C 1415"]
[Site "Czech Republic"]
[Date "2014.12.14"]
[Round "4.2"]
[White "Stastny, Jan"]
[Black "Moravec, Michal"]
[Result "0-1"]
[WhiteElo "2230"]
[BlackElo "2266"]
[PlyCount "72"]
[EventDate "2014.11.02"]
[EventType "team-tourn"]
[EventRounds "11"]
[EventCountry "CZE"]
[SourceTitle "EXT 2022"]
[Source "ChessBase"]
[SourceDate "2021.10.06"]
[SourceVersion "1"]
[SourceVersionDate "2021.10.06"]
[SourceQuality "1"]
[WhiteTeam "Ricany"]
[BlackTeam "Kolin"]
[WhiteTeamCountry "CZE"]
[BlackTeamCountry "CZE"]

1. e4 e5 2. Nf3 Nc6 3. Bb5 Nge7 4. 0-0 g6 5. Bxc6 Nxc6 6. d4 exd4 7. Bg5 f6 8. Bf4 d6 9. Nxd4 Bg7 10. c4 0-0 11. Nc3 f5 12. Nxc6 bxc6 13. exf5 Bxf5 14. Qd2 Rb8 15. b3 Qf6 16. Rac1 Rfe8 17. Be3 a6 18. Rfd1 Qh4 19. Bf4 h6 20. c5 Rbd8 21. cxd6 cxd6 22. Bg3 Qb4 23. Bf4 Kh7 24. Be3 d5 25. Ne2 Qg4 26. Nd4 Bxd4 27. Bxd4 Be4 28. f3 Bxf3 29. Re1 Bxg2 30. h3 Bxh3+ 31. Kh2 Qh4 32. Bf2 Qh5 33. Bg3 Bg4+ 34. Kg1 Bf3 35. Bh2 Qg4+ 36. Kf1 Be4 0-1

[Event "CZE-chT2C 1415"]
[Site "Czech Republic"]
[Date "2014.11.02"]
[Round "1.2"]
[White "Moravec, Michal"]
[Black "Vichnar, David"]
[Result "1/2-1/2"]
[WhiteElo "2266"]
[BlackElo "2263"]
[PlyCount "118"]
[EventDate "2014.11.02"]
[EventType "team-tourn"]
[EventRounds "11"]
[EventCountry "CZE"]
[SourceTitle "EXT 2022"]
[Source "ChessBase"]
[SourceDate "2021.10.06"]
[SourceVersion "1"]
[SourceVersionDate "2021.10.06"]
[SourceQuality "1"]
[WhiteTeam "Kolin"]
[BlackTeam "Vysehrad II"]
[WhiteTeamCountry "CZE"]
[BlackTeamCountry "CZE"]

1. Nf3 d5 2. c4 c6 3. d4 e6 4. Nc3 Nf6 5. e3 Nbd7 6. Be2 dxc4 7. Bxc4 b5 8. Bd3 Bd6 9. 0-0 0-0 10. b3 Bb7 11. Bb2 b4 12. Ne4 Nxe4 13. Bxe4 Nf6 14. Bd3 c5 15. Qe2 cxd4 16. Nxd4 Rc8 17. Rfd1 Qe7 18. Rac1 Rfd8 19. Rxc8 Rxc8 20. Ba6 Ne4 21. Bxb7 Qxb7 22. Qg4 Bxh2+ 23. Kxh2 Nxf2 24. Qe2 Nxd1 25. Qxd1 Qe4 26. Qd2 Rd8 27. Qc1 Qd5 28. Nf3 f6 29. Bd4 Qd6+ 30. Kg1 a5 31. Qc4 Kf7 32. Qb5 Qd5 33. Qf1 Kg8 34. Qf2 e5 35. Bb6 Rc8 36. Qe2 Rb8 37. e4 Qc6 38. Ba7 Rd8 39. Kh2 Rd7 40. Bg1 g5 41. Nd2 Qc2 42. Qc4+ Qxc4 43. Nxc4 a4 44. bxa4 Rc7 45. Ne3 Ra7 46. Nd5 Rxa4 47. Nxf6+ Kg7 48. Nd5 Rxa2 49. Nxb4 Re2 50. Nd3 Rxe4 51. Kg3 Kf6 52. Kf3 Kf5 53. Be3 h5 54. Nc1 h4 55. Bxg5 Rc4 56. Be3 Rc2 57. Ne2 e4+ 58. Kf2 Kg4 59. Bd4 Ra2 1/2-1/2

[Event "CZE-chT1W 1314"]
[Site "Czech Republic"]
[Date "2014.03.16"]
[Round "9.6"]
[White "Moravec, Michal"]
[Black "Jelinek, Michal"]
[Result "0-1"]
[WhiteElo "2258"]
[BlackElo "1849"]
[PlyCount "78"]
[EventDate "2013.10.20"]
[EventType "team-tourn"]
[EventRounds "11"]
[EventCountry "CZE"]
[SourceTitle "EXT 2015"]
[Source "ChessBase"]
[SourceDate "2014.11.20"]
[SourceVersion "1"]
[SourceVersionDate "2014.11.20"]
[SourceQuality "1"]
[WhiteTeam "Hradec Kralove"]
[BlackTeam "Praha Oaza"]
[WhiteTeamCountry "CZE"]
[BlackTeamCountry "CZE"]

1. Nf3 d5 2. c4 c6 3. d4 e6 4. Nc3 Nf6 5. e3 Nbd7 6. Be2 Be7 7. g4 dxc4 8. e4 Bb4 9. Nd2 c5 10. a3 Ba5 11. Nxc4 Nxe4 12. Qd3 Nxc3 13. bxc3 Bc7 14. 0-0 b5 15. Ne3 Bb7 16. d5 c4 17. Qd1 Nb6 18. a4 Nxd5 19. Bf3 Qh4 20. Re1 Qxh2+ 21. Kf1 Nxc3 22. Bxb7 Nxd1 23. Bc6+ Kf8 24. Rxd1 Rd8 25. Rxd8+ Bxd8 26. axb5 Bb6 27. Ra2 Qh3+ 28. Bg2 Qh4 29. Re2 h6 30. Bf3 Qf6 31. Kg2 c3 32. Ba3+ Kg8 33. Bd6 Kh7 34. Nc4 Rc8 35. Be5 Qg5 36. Nd6 c2 37. Nxc8 c1Q 38. Nxb6 axb6 39. Be4+ g6 0-1

[Event "CZE-chT2C 1213"]
[Site "Czech Republic"]
[Date "2013.01.20"]
[Round "7.2"]
[White "Zapletal, Jindrich"]
[Black "Moravec, Michal"]
[Result "0-1"]
[WhiteElo "2179"]
[BlackElo "2268"]
[PlyCount "66"]
[EventDate "2012.10.14"]
[EventType "team-tourn"]
[EventRounds "11"]
[EventCountry "CZE"]
[SourceTitle "EXT 2015"]
[Source "ChessBase"]
[SourceDate "2014.11.20"]
[SourceVersion "1"]
[SourceVersionDate "2014.11.20"]
[SourceQuality "1"]
[WhiteTeam "Tabor"]
[BlackTeam "Kutna Hora"]
[WhiteTeamCountry "CZE"]
[BlackTeamCountry "CZE"]

1. d4 Nf6 2. c4 c5 3. d5 e5 4. Nc3 d6 5. e4 Be7 6. g3 0-0 7. Bg2 Ne8 8. Nge2 a6 9. 0-0 b5 10. cxb5 axb5 11. Nxb5 Ba6 12. Nbc3 Nd7 13. Rb1 Qa5 14. Be3 Nc7 15. Re1 Rfb8 16. f4 Rb4 17. Bh3 exf4 18. gxf4 Bc8 19. a3 Rbb8 20. Ng3 Bf6 21. Nf5 Nf8 22. Qf3 Bxf5 23. Bxf5 Rxb2 24. Rxb2 Bxc3 25. Reb1 Bxb2 26. Rxb2 Qe1+ 27. Kg2 Rxa3 28. Re2 Qb1 29. Qh3 g6 30. Bg4 Qxe4+ 31. Bf3 Qd3 32. Bc1 Nxd5 33. Qg3 Rc3 0-1

[Event "CZE-chT2C 1112"]
[Site "Czech Republic"]
[Date "2011.11.06"]
[Round "2.2"]
[White "Mozny, Milos"]
[Black "Moravec, Michal"]
[Result "1/2-1/2"]
[WhiteElo "2346"]
[BlackElo "2296"]
[PlyCount "20"]
[EventDate "2011.10.09"]
[EventType "team-tourn"]
[EventRounds "11"]
[EventCountry "CZE"]
[SourceTitle "EXT 2013"]
[Source "ChessBase"]
[SourceDate "2012.11.22"]
[SourceVersion "1"]
[SourceVersionDate "2012.11.22"]
[SourceQuality "1"]
[WhiteTeam "Turnov Zikuda II"]
[BlackTeam "Kolin"]
[WhiteTeamCountry "CZE"]
[BlackTeamCountry "CZE"]

1. d4 d5 2. Nf3 Nf6 3. c4 e6 4. Nc3 c5 5. cxd5 exd5 6. g3 Nc6 7. Bg2 Be7 8. 0-0 0-0 9. Bg5 Be6 10. e3 Ne4 1/2-1/2

[Event "CZE-chT2C 1011"]
[Site "Czech Republic"]
[Date "2011.03.27"]
[Round "10.1"]
[White "Moravec, Michal"]
[Black "Vojta, Tomas"]
[Result "1-0"]
[WhiteElo "2305"]
[BlackElo "2369"]
[PlyCount "73"]
[EventDate "2010.10.17"]
[EventType "team-tourn"]
[EventRounds "11"]
[EventCountry "CZE"]
[SourceTitle "EXT 2012"]
[Source "ChessBase"]
[SourceDate "2011.11.24"]
[SourceVersion "1"]
[SourceVersionDate "2011.11.24"]
[SourceQuality "1"]
[WhiteTeam "Kolin"]
[BlackTeam "Vlasim"]
[WhiteTeamCountry "CZE"]
[BlackTeamCountry "CZE"]

1. d4 d5 2. c4 Nc6 3. Nc3 Nf6 4. cxd5 Nxd5 5. e4 Nxc3 6. bxc3 e5 7. d5 Nb8 8. Nf3 Nd7 9. Be2 Bc5 10. 0-0 0-0 11. c4 Qe7 12. Bb2 a5 13. Ne1 b6 14. Nd3 Bd6 15. Bg4 g6 16. Bxd7 Bxd7 17. f4 f6 18. fxe5 fxe5 19. Qd2 b5 20. c5 Bxc5+ 21. Nxc5 Qxc5+ 22. Kh1 Rxf1+ 23. Rxf1 Rf8 24. Rc1 Qc4 25. Qe1 Qxa2 26. Bxe5 Rf2 27. Rxc7 Bg4 28. Qc1 Rf7 29. h3 Qe2 30. Rxf7 Kxf7 31. Qf4+ Bf5 32. exf5 g5 33. Qd4 Qf1+ 34. Kh2 Qxf5 35. Qa7+ Ke8 36. Qb8+ Kf7 37. Qb7+ 1-0

[Event "CZE-chT2C 1011"]
[Site "Czech Republic"]
[Date "2011.02.20"]
[Round "8.2"]
[White "Vorobyov, Yurij"]
[Black "Moravec, Michal"]
[Result "1/2-1/2"]
[WhiteElo "2234"]
[BlackElo "2305"]
[PlyCount "140"]
[EventDate "2010.10.17"]
[EventType "team-tourn"]
[EventRounds "11"]
[EventCountry "CZE"]
[SourceTitle "EXT 2012"]
[Source "ChessBase"]
[SourceDate "2011.11.24"]
[SourceVersion "1"]
[SourceVersionDate "2011.11.24"]
[SourceQuality "1"]
[WhiteTeam "Pardubice Bohemia"]
[BlackTeam "Kolin"]
[WhiteTeamCountry "CZE"]
[BlackTeamCountry "CZE"]

1. Nf3 g6 2. e4 Bg7 3. d4 d6 4. Bg5 Nf6 5. Nbd2 h6 6. Be3 0-0 7. h3 b6 8. c3 Bb7 9. Bd3 c5 10. 0-0 Nc6 11. d5 Ne5 12. Nxe5 dxe5 13. f4 exf4 14. Bxf4 e6 15. c4 exd5 16. cxd5 Nxd5 17. exd5 Qxd5 18. Qf3 Qd4+ 19. Qe3 g5 20. Nb3 Qd5 21. Qg3 c4 22. Bxc4 Qxc4 23. Be5 Bxe5 24. Qxe5 Rae8 25. Qg3 Re2 26. Rf2 Rxf2 27. Qxf2 Re8 28. Rc1 Qd5 29. Nd4 Re5 30. a3 f5 31. b4 f4 32. Nf3 Re3 33. Qc2 Qe6 34. Nd4 Re1+ 35. Kh2 Rxc1 36. Qxc1 Qa2 37. Nc2 Qd5 38. Ne1 Qd6 39. Qc4+ Kf8 40. Qc3 Kg8 41. Nf3 Bxf3 42. Qxf3 Kg7 43. Kh1 Kf6 44. Qa8 Qe7 45. Kh2 Qc7 46. Qf8+ Kg6 47. Qg8+ Kf5 48. Qd5+ Kf6 49. Qd4+ Ke6 50. Qe4+ Kf6 51. Qd4+ Qe5 52. Qd8+ Ke6 53. Qe8+ Kd6 54. Qg6+ Kd5 55. Qd3+ Kc6 56. Qc4+ Kd6 57. Qd3+ Qd5 58. Qg6+ Qe6 59. Qd3+ Kc6 60. Qa6 Qf7 61. Qd3 Qd5 62. Qe2 Qd6 63. Qc4+ Kb7 64. Qf7+ Ka6 65. Qc4+ b5 66. Qc8+ Kb6 67. Kh1 Qe7 68. Qb8+ Kc6 69. Qa8+ Qb7 70. Qf8 Kd5 1/2-1/2

[Event "CZE-chT2C 1011"]
[Site "Czech Republic"]
[Date "2011.01.23"]
[Round "6.2"]
[White "Mudra, Pavel"]
[Black "Moravec, Michal"]
[Result "1-0"]
[WhiteElo "2160"]
[BlackElo "2305"]
[PlyCount "71"]
[EventDate "2010.10.17"]
[EventType "team-tourn"]
[EventRounds "11"]
[EventCountry "CZE"]
[SourceTitle "EXT 2012"]
[Source "ChessBase"]
[SourceDate "2011.11.24"]
[SourceVersion "1"]
[SourceVersionDate "2011.11.24"]
[SourceQuality "1"]
[WhiteTeam "Bakov nad Jizerou"]
[BlackTeam "Kolin"]
[WhiteTeamCountry "CZE"]
[BlackTeamCountry "CZE"]

1. Nf3 c5 2. c4 Nf6 3. g3 Nc6 4. Bg2 e5 5. 0-0 d5 6. d3 Be7 7. cxd5 Nxd5 8. Nc3 Nc7 9. Nd2 0-0 10. Nc4 f6 11. f4 exf4 12. Bxf4 Be6 13. Bxc7 Qxc7 14. Nd5 Qd7 15. e4 Rad8 16. Nce3 Bd6 17. Kh1 Be5 18. Rb1 Nd4 19. b3 Qb5 20. Rb2 Rd7 21. Rd2 Rfd8 22. Qh5 Nc6 23. Bh3 Bxh3 24. Qxh3 Bd4 25. Qe6+ Kh8 26. Nf5 Qa5 27. Rg2 Nb4 28. Nde7 Nxd3 29. Qf7 Rxe7 30. Qxe7 Rg8 31. Nd6 h6 32. Qxb7 Rf8 33. Nf5 Rg8 34. Qd5 Ne5 35. Nxd4 Rd8 36. Nc6 1-0

[Event "CZE-chT1W 1011"]
[Site "Czech Republic"]
[Date "2010.11.28"]
[Round "4.6"]
[White "Moravec, Michal"]
[Black "Braun, Marek"]
[Result "1/2-1/2"]
[WhiteElo "2305"]
[BlackElo "2153"]
[PlyCount "73"]
[EventDate "2010.10.10"]
[EventType "team-tourn"]
[EventRounds "11"]
[EventCountry "CZE"]
[SourceTitle "EXT 2012"]
[Source "ChessBase"]
[SourceDate "2011.11.24"]
[SourceVersion "1"]
[SourceVersionDate "2011.11.24"]
[SourceQuality "1"]
[WhiteTeam "Hradec Kralove"]
[BlackTeam "Novoborsky II"]
[WhiteTeamCountry "CZE"]
[BlackTeamCountry "CZE"]

1. c4 e5 2. Nc3 d6 3. g3 f5 4. Bg2 Nf6 5. e3 Be7 6. d4 0-0 7. Nge2 c6 8. 0-0 Qc7 9. b4 Be6 10. d5 Bf7 11. Bb2 a6 12. e4 fxe4 13. Nxe4 Nxe4 14. Bxe4 Nd7 15. Nc3 Nf6 16. Bg2 Rac8 17. h3 cxd5 18. Nxd5 Nxd5 19. Bxd5 Qb6 20. Qd2 Rxc4 21. Bxc4 Bxc4 22. Rfd1 Bg5 23. Qc2 Qxb4 24. Ba3 Qxa3 25. Qxc4+ Kh8 26. Rd3 Qb2 27. Rf1 Qe2 28. Qd5 h5 29. h4 Bh6 30. Qxd6 Rf6 31. Qb8+ Kh7 32. Rd8 Be3 33. Rh8+ Kg6 34. Qe8+ Rf7 35. Qe6+ Rf6 36. Qe8+ Rf7 37. Qe6+ 1/2-1/2

[Event "CZE-chT1W 1011"]
[Site "Czech Republic"]
[Date "2010.10.31"]
[Round "2.7"]
[White "Vichnar, David"]
[Black "Moravec, Michal"]
[Result "0-1"]
[WhiteElo "2223"]
[BlackElo "2305"]
[PlyCount "92"]
[EventDate "2010.10.10"]
[EventType "team-tourn"]
[EventRounds "11"]
[EventCountry "CZE"]
[SourceTitle "EXT 2012"]
[Source "ChessBase"]
[SourceDate "2011.11.24"]
[SourceVersion "1"]
[SourceVersionDate "2011.11.24"]
[SourceQuality "1"]
[WhiteTeam "Praha Vysehrad"]
[BlackTeam "Hradec Kralove"]
[WhiteTeamCountry "CZE"]
[BlackTeamCountry "CZE"]

1. d4 Nf6 2. Nf3 c5 3. d5 e6 4. c4 d6 5. Nc3 e5 6. g3 Be7 7. Bg2 0-0 8. 0-0 Ne8 9. Ne1 f5 10. Nd3 g5 11. f3 Nd7 12. Be3 Ng7 13. Rb1 f4 14. Bf2 Nb6 15. b4 Nxc4 16. bxc5 Nf5 17. cxd6 Bxd6 18. Re1 Nfe3 19. Bxe3 Nxe3 20. Qb3 Rf7 21. Nd1 Nf5 22. g4 Nd4 23. Qb2 Rc7 24. Nc3 Bd7 25. Ne4 Bb5 26. Rec1 Rac8 27. Rxc7 Rxc7 28. Ndf2 Bxe2 29. Nxd6 Qxd6 30. Ne4 Qa6 31. d6 Rf7 32. Nxg5 Rg7 33. Ne4 Bxf3 34. d7 Rxd7 35. Bxf3 Nxf3+ 36. Kf2 Nd4 37. g5 Rc7 38. Nf6+ Kf7 39. Kg1 Qd3 40. Rf1 h6 41. Ng4 Qe4 42. Qa3 Rc2 43. Rf2 Ne2+ 44. Rxe2 Qxe2 45. Qb3+ Kg6 46. Nxe5+ Kf5 0-1

[Event "CZE-chT2C 0910"]
[Site "Czech Republic"]
[Date "2010.02.28"]
[Round "8.1"]
[White "Moravec, Michal"]
[Black "Kaderabek, Jiri"]
[Result "1-0"]
[WhiteElo "2273"]
[BlackElo "2205"]
[PlyCount "49"]
[EventDate "2009.10.18"]
[EventType "team-tourn"]
[EventRounds "11"]
[EventCountry "CZE"]
[SourceTitle "EXT 2011"]
[Source "ChessBase"]
[SourceDate "2010.11.26"]
[SourceVersion "1"]
[SourceVersionDate "2010.11.26"]
[SourceQuality "1"]
[WhiteTeam "Kolin"]
[BlackTeam "Liberec"]
[WhiteTeamCountry "CZE"]
[BlackTeamCountry "CZE"]

1. c4 e5 2. Nc3 Nf6 3. Nf3 Nc6 4. g3 d5 5. cxd5 Nxd5 6. d3 Be7 7. Bg2 Nb6 8. 0-0 g5 9. a4 a5 10. Be3 h5 11. d4 Nc4 12. Qb3 Nxe3 13. fxe3 0-0 14. d5 Nb4 15. Nxe5 Bd6 16. Nc4 Qe7 17. Ne4 f5 18. Nexd6 cxd6 19. e4 fxe4 20. Rxf8+ Kxf8 21. Nb6 Rb8 22. Qc3 Qg7 23. Rf1+ Kg8 24. Nxc8 Qxc3 25. Ne7+ 1-0